000 00563nam a2200169Ia 4500
999 _c22206
_d22206
003 OSt
005 20200515090735.0
008 190216s9999||||xx |||||||||||||| ||und||
040 _coclc
082 _a909.097671
_bBAR/M
100 _aBartol`D, Vasilii V
_92304
245 0 _aStudies In Islamic History :
_bMussulman Culture /
_cVasilii V Bartol`D
260 _bPorcupine Press,
_c1977.
_aPhiladen Phia:
300 _a146p
650 0 _aHistory & geography
_vIslamic History
_92271
942 _cBK
_2ddc
_h909.097671
_iBAR/M
_k909.097671
_mBAR/M